000 00502nam a22001937a 4500
003 MPLRDC
005 20220104124720.0
008 210129b ||||| |||| 00| 0 eng d
020 _a957-767-025-3
082 _a859.61 SJWR-3 v.1
100 _a张青史总编辑
245 _a发明大王爱迪生
_c
250 _a初版
260 _a
_b阳铭出版社
_c1994
300 _b
490 _a漫画世界伟人传记故事;1
650 _a人物故事--漫画
942 _cBK
_o859.61 SJWR-3 v.1
999 _c21569
_d21559